00515nam a22001817a 450000500170000000800410001704000070005804100120006508200210007710000250009824500310012326000400015430000310019436500540022544000130027965000080029265000330030020241213133405.0241213b ||||| |||| 00| 0 eng d cAL aEnglish 223a348.04bEASS aEastern Book Company aSupreme Court Cases: Vol 3 aLucknowbEastern Book Companyc1986 bHBc24x16 cm.axvii,770 p. a1061b₹959.52c₹d₹1279.36e25%f28-11-2024 aVolume 3 aLaw aMode of Citation(1986) 3 SCC